Grand Theft Auto IV Neighbourhoods - Statistics

General Stats
  • This quiz has been taken 171 times
  • The average score is 38 of 66
Answer Stats
Hint Answer % Correct
Broker Hove Beach
91%
Dukes Francis International Airport
84%
Algonquin Middle Park
80%
Alderney Alderney City
79%
Algonquin North Holland
75%
Alderney Acter
71%
Broker Firefly Island
71%
Broker Schottler
71%
Bohan South Bohan
71%
Broker BOABO
70%
Algonquin Chinatown
70%
Other Happiness Island
70%
Dukes Meadows Park
70%
Alderney Leftwood
68%
Algonquin Little Italy
68%
Algonquin Middle Park East
68%
Algonquin Middle Park West
68%
Alderney Tudor
68%
Algonquin East Holland
66%
Algonquin Northwood
66%
Alderney Westdyke
66%
Other Charge Island
64%
Bohan Industrial
64%
Broker Firefly Projects
63%
Broker Beechwood City
61%
Other Colony Island
61%
Algonquin Star Junction
61%
Algonquin Castle Gardens
59%
Algonquin The Triangle
59%
Broker Downtown
57%
Algonquin Fishmarket South
57%
Dukes Meadow Hills
57%
Alderney Port Tudor
57%
Broker Rotterdam Hill
57%
Alderney Acter Industrial Park
55%
Algonquin Fishmarket North
55%
Broker South Slopes
55%
Algonquin The Meat Quarter
54%
Algonquin City Hall
52%
Broker East Hook
52%
Alderney Alderney State Correctional Facility
50%
Alderney Berchem
50%
Bohan Chase Point
50%
Broker Outlook
50%
Broker Beachgate
48%
Broker Cerveza Heights
48%
Algonquin Easton
48%
Algonquin Lancaster
48%
Algonquin Lancet
48%
Algonquin Purgatory
48%
Dukes Steinway
48%
Algonquin The Exchange
48%
Algonquin Westminster
48%
Alderney Normandy
46%
Algonquin Suffolk
46%
Bohan Boulevard
45%
Algonquin Castle Garden City
45%
Bohan Fortside
45%
Bohan Little Bay
45%
Algonquin Lower Easton
45%
Bohan Northern Gardens
45%
Algonquin Presidents City
45%
Dukes Willis
45%
Dukes East Island City
43%
Algonquin Varsity Heights
41%
Algonquin Hatton Gardens
29%
No matching quizzes found
Score Distribution
Percent of People with Each Score
Percentile by Number Answered
Your Score History
You have not taken this quiz